Material structure of steel products - changes and current trends

Uložené v:
Podrobná bibliografia
Hlavný autor: Bobenič Hintošová, Aneta, 1979-
Ďalší autori: Bobenič, Tibor, Bruothová, Michaela, 1979-, Janičová, Daniela, 1989-, Kubíková, Zuzana
Médium: Kapitola
Jazyk:English
Tagy: Pridať tag
Žiadne tagy, Buďte prvý, kto otaguje tento záznam!

MARC

LEADER 00000naa$a2200000$$$4500
001 0208282
005 20240502073449.2
041 0 |a eng 
044 |a SK 
245 1 0 |a Material structure of steel products - changes and current trends  |c Aneta Bobenič Hintošová, Tibor Bobenič, Michaela Bruothová, Daniela Janičová, Zuzana Kubíková 
500 |a Abstrakt 
100 1 |a Bobenič Hintošová, Aneta, 1979- 
700 1 |a Bobenič, Tibor 
700 1 |a Bruothová, Michaela, 1979- 
700 1 |a Janičová, Daniela, 1989- 
700 1 |a Kubíková, Zuzana